[Event "Bohemia South-chT 0405"]
[Site "Czech Republic"]
[Date "2005.??.??"]
[Round "?"]
[White "Navratil, Josef"]
[Black "Tichy, Miroslav"]
[Result "1/2-1/2"]
[WhiteElo "2035"]
[BlackElo "1980"]
[PlyCount "31"]
[EventDate "2004.10.??"]
[EventType "team-tourn"]
[EventRounds "11"]
[EventCountry "CZE"]
[SourceTitle "EXT 2007"]
[Source "ChessBase"]
[SourceDate "2006.11.23"]
[SourceVersion "1"]
[SourceVersionDate "2006.11.23"]
[SourceQuality "1"]

1. b4 d5 2. Bb2 Nf6 3. e3 e5 4. Bxe5 Bxb4 5. c3 Bd6 6. Nf3 Bg4 7. Bxd6 Qxd6 8. d4 0-0 9. Be2 Ne4 10. 0-0 Nd7 11. c4 c6 12. Qb3 b6 13. cxd5 cxd5 14. Rc1 Rac8 15. Nc3 Nef6 16. h3 1/2-1/2

[Event "Bohemia South-chT 0405"]
[Site "Czech Republic"]
[Date "2005.??.??"]
[Round "?"]
[White "Stursa, Libor"]
[Black "Tichy, Miroslav"]
[Result "1-0"]
[WhiteElo "1890"]
[BlackElo "1980"]
[PlyCount "84"]
[EventDate "2004.10.??"]
[EventType "team-tourn"]
[EventRounds "11"]
[EventCountry "CZE"]
[SourceTitle "EXT 2007"]
[Source "ChessBase"]
[SourceDate "2006.11.23"]
[SourceVersion "1"]
[SourceVersionDate "2006.11.23"]
[SourceQuality "1"]

1. d4 Nf6 2. Nc3 d5 3. Bg5 Bg4 4. Nf3 c6 5. Ne5 Bh5 6. Qd3 Ne4 7. Nxe4 dxe4 8. Qxe4 f6 9. Qh4 fxe5 10. Qxh5+ g6 11. Qh4 exd4 12. 0-0-0 Bg7 13. e3 h6 14. Bf4 e5 15. Qg3 exf4 16. Qxg6+ Kf8 17. Qf5+ Qf6 18. Qc8+ Ke7 19. Qxb7+ Nd7 20. Rxd4 Rhd8 21. Re4+ Kf8 22. Rxf4 Qxf4 23. exf4 Rab8 24. Qc7 Bxb2+ 25. Kd2 Nc5+ 26. Bd3 Ne4+ 27. Ke2 Nc5 28. Qxc6 Re8+ 29. Kf3 Ne6 30. Qd6+ Kg7 31. g3 Rbd8 32. Qa6 Bd4 33. Rb1 Bb6 34. Qb7+ Kf6 35. Qh7 Nd4+ 36. Kg2 Rh8 37. Qg6+ Ke7 38. Qg7+ Kd6 39. Rxb6+ axb6 40. Qxd4+ Kc7 41. Qe5+ Kb7 42. Be4+ Ka7 1-0